000 00497nam a22001937a 4500
003 IIN
005 20251201113013.0
008 250924s2022 |||ad||| |||| 00| 0 eng d
020 _a9789392242083
_cRs.308.00
040 _aIIN
082 _a610.3
_bARO
100 _aArora, Prerna
245 _aVHS Dictionary for Nurses
_cby Prerna Arora and Ankita Deol
260 _aPunjab
_bVHS
_c2022
300 _a890 p.
_bcol. ill.
650 _aNursing
_vDictionary
700 _aDeol, Ankita
942 _cREF
999 _c1874
_d1874